LEADER 03990nam 2200697 a 450 001 9910788386903321 005 20230126211348.0 010 $a0-292-73575-8 024 7 $a10.7560/729117 035 $a(CKB)3170000000046326 035 $a(OCoLC)782930347 035 $a(CaPaEBR)ebrary10541114 035 $a(SSID)ssj0000601407 035 $a(PQKBManifestationID)11422344 035 $a(PQKBTitleCode)TC0000601407 035 $a(PQKBWorkID)10565326 035 $a(PQKB)10893958 035 $a(MiAaPQ)EBC3443587 035 $a(MdBmJHUP)muse17562 035 $a(Au-PeEL)EBL3443587 035 $a(CaPaEBR)ebr10541114 035 $a(OCoLC)932314201 035 $a(DE-B1597)586619 035 $a(DE-B1597)9780292735750 035 $a(EXLCZ)993170000000046326 100 $a20111014d2012 ub 0 101 0 $aeng 135 $aurcn||||||||| 181 $ctxt 182 $cc 183 $acr 200 10$aNaked truth$b[electronic resource] $estrip clubs, democracy, and a Christian right /$fJudith Lynne Hanna 205 $a1st ed. 210 $aAustin $cUniversity of Texas Press$dc2012 215 $a1 online resource (351 p.) 300 $aBibliographic Level Mode of Issuance: Monograph 311 $a0-292-72911-1 320 $aIncludes bibliographical references and index. 327 $aScripture and hostility to exotic dance -- Fighting exotic dance: call to war -- Target of attack: striptease 101 or seduction by the devil -- Nudity, touch, and sex: marginal or mainstream? -- "Rottweilers" lock their jaws: bench trials -- Shooting nude crotches: jury trials -- Exotic dancers and labor: need to be saved? -- Christian right claims club crime: where are the bodies? -- Stripping your first amendment and more. 330 $aAcross America, strip clubs have come under attack by a politically aggressive segment of the Christian Right. Using plausible-sounding but factually untrue arguments about the harmful effects of strip clubs on their communities, the Christian Right has stoked public outrage and incited local and state governments to impose onerous restrictions on the clubs with the intent of dismantling the exotic dance industry. But an even larger agenda is at work, according to Judith Lynne Hanna. In Naked Truth, she builds a convincing case that the attack on exotic dance is part of the activist Christian Right?s ?grand design? to supplant constitutional democracy in America with a Bible-based theocracy. Hanna takes readers onstage, backstage, and into the community and courts to reveal the conflicts, charges, and realities that are playing out at the intersection of erotic fantasy, religion, politics, and law. She explains why exotic dance is a legitimate form of artistic communication and debunks the many myths and untruths that the Christian Right uses to fight strip clubs. Hanna also demonstrates that while the fight happens at the local level, it is part of a national campaign to regulate sexuality and punish those who do not adhere to Scripture-based moral values. Ultimately, she argues, the naked truth is that the separation of church and state is under siege and our civil liberties?free speech, women?s rights, and free enterprise?are at stake. 606 $aStriptease$zUnited States 606 $aStriptease$xSocial aspects$zUnited States 606 $aStripteasers$zUnited States 606 $aSex in dance$zUnited States 606 $aChristianity and politics$zUnited States 606 $aDance$xPolitical aspects 615 0$aStriptease 615 0$aStriptease$xSocial aspects 615 0$aStripteasers 615 0$aSex in dance 615 0$aChristianity and politics 615 0$aDance$xPolitical aspects. 676 $a792.7/8 700 $aHanna$b Judith Lynne$0628648 801 0$bMiAaPQ 801 1$bMiAaPQ 801 2$bMiAaPQ 906 $aBOOK 912 $a9910788386903321 996 $aNaked truth$93839581 997 $aUNINA LEADER 03650nam 2201093z- 450 001 9910743278003321 005 20230911 035 $a(CKB)5690000000228527 035 $a(oapen)doab114000 035 $a(EXLCZ)995690000000228527 100 $a20230920c2023uuuu -u- - 101 0 $aeng 135 $aurmn|---annan 181 $ctxt$2rdacontent 182 $cc$2rdamedia 183 $acr$2rdacarrier 200 00$aThe Challenges and Therapeutic Prospects in Eye Disease 210 $cMDPI - Multidisciplinary Digital Publishing Institute$d2023 215 $a1 online resource (166 p.) 311 08$a3-0365-8402-1 330 $aThis Special Issue aims to update the current evidence and challenging topics centred around the diagnosis and management of ocular diseases. We gather ten original research articles and two literature reviews on recent efforts aimed toward the discovery of novel findings in different ocular research areas, including orbital, lacrimal, and eyelid disease, as well as glaucoma, retinal disease, myopia, and corneal disease. 606 $aBiology, life sciences$2bicssc 606 $aResearch and information: general$2bicssc 610 $aachromatopsia 610 $aAMD 610 $aanterior orbitotomy 610 $aanti-VEGF 610 $aantivascular endothelial growth factors 610 $aapproach 610 $aartificial intelligence 610 $aballoon dacryocystoplasty 610 $ablepharoptosis 610 $achoroidal 610 $acircadian IOP fluctuation 610 $acomputer-aided diagnosis (CAD) 610 $acone 610 $acontact lens sensor 610 $acorneal ulcer 610 $acorticosteroids 610 $adiabetic macular edema 610 $adysthyroid optic neuropathy 610 $aeye 610 $aeyeball length 610 $ageneral practitioners 610 $aglaucoma 610 $aglaucomatous optic neuropathy 610 $aglutamate 610 $aGraves' disease 610 $aGraves' orbitopathy 610 $ahydrogel scleral buckles 610 $ahyperthyroidism 610 $aIgG4-related disease 610 $aIgG4-related ophthalmic disease 610 $aincreased orbital muscle 610 $ainfectious keratitis 610 $aintraocular pressure 610 $alow vision aids 610 $aMasterka tube 610 $amasticatory muscles 610 $amonocanalicular intubation 610 $amyopia 610 $an/a 610 $anasolacrimal duct obstruction 610 $aneovascularization 610 $aOCT-A 610 $aoptic nerve protection 610 $aoptical coherence tomography 610 $aoptometry 610 $aorbit volumetry 610 $aorbital decompression 610 $aorbital decompression surgery 610 $aorbital muscle enlargement 610 $aorbital muscle volume 610 $aPACK-CXL 610 $apersonalised ophthalmology 610 $apersonalized 610 $aPhotoactivated Chromophore Corneal Collagen Cross-Linking 610 $aquality of life 610 $aretinal 610 $aretinal detachment 610 $aripasudil 610 $asEMG 610 $aserum IgG4 610 $asilicone tube intubation 610 $astrabismus 610 $aUSG 610 $avascular remodeling 610 $avitreomacular interface abnormality 615 7$aBiology, life sciences 615 7$aResearch and information: general 906 $aBOOK 912 $a9910743278003321 996 $aThe Challenges and Therapeutic Prospects in Eye Disease$94421384 997 $aUNINA